00509nam a22001457a 4500008004100000100002100041245004800062250001100110260003400121300001000155650005400165942001200219952011500231999001700346240221b |||||||| |||| 00| 0 eng d aCAETANO, Marcelo aMinhas memorias de SalazarcMarcelo Caetano a4 aed. aLisboabEditorial Verboc2000 a814p. aLiteraturaxMemorias, Salazar, Politica, Portugal 2udccBK 00102udc40708REFaMINER_TETbMINER_TETcGENd2024-02-21l0o82-94p22082387234r2024-02-21w2024-02-21yBK c52973d52972